Classement FIFA féminin: les 20 meilleures nations (11/12/2025) - Statistiques

Statistiques générales
  • Ce quiz a été pris 33 fois
  • Le résultat moyen est 17 sur 20
Statistiques - réponses
Classement Confédération Nation % Correct
1 UEFA Espagne
100%
6 CONMEBOL Brésil
97%
2 CONCACAF États-Unis
97%
7 UEFA France
97%
13 UEFA Italie
97%
8 AFC Japon
97%
5 UEFA Suède
97%
3 UEFA Allemagne
94%
4 UEFA Angleterre
94%
10 CONCACAF Canada
94%
12 UEFA Norvège
94%
17 AFC Chine
91%
11 UEFA Pays-Bas
88%
14 UEFA Danemark
84%
15 AFC Australie
81%
19 UEFA Autriche
78%
18 UEFA Belgique
78%
20 CONMEBOL Colombie
75%
9 AFC Corée du Nord
53%
16 UEFA Islande
47%
Aucun quiz correspondant
Distribution des résultats
% des personnes avec chaque résultat
Percentile par nombre de réponses
Votre historique - résultats
Vous n’avez pas pris ce quiz